01543nam a2200313Ia 450000500170000000800410001702000190005808200180007710000160009524501180011125000190022930000430024849000390029150502500033060000460058060000280062665000720065465000550072665000940078165000970087570000460097294200120101826400610103033600270109133700330111833800280115104000350117999900150121420220317001209.0160825s2007 ck a g 000 0 spa  a9789583801501204a918.616bD18r1 aDavis, Wade13aEl ríobexploraciones y descubrimientos en la selva amazónicacWade Davis ; traducido por Nicolás Suéscun a3a. edición  a639 páginas bilustraciones c23 cm  aTierra firmepcontinente americano aLa despedida de Juan ; Las montañas del hermano mayor ; El camino del peyote, 1936 ; la carne de los dioses, 1938-1939 ; El hotel rojo ; El néctar del jaguar ; El cielo es verde y la selva azul, 1941-1942 ; Las tristes llanuras amazónicas 14aSchultes, Richard Evansd1915-200196747314aPlowman, Timothy967474142LEMBaetnobotánica vBiografías zAmazonas (Region, Colombia)142LEMBaetnobotánicavBiografíaszEstados Unidos142LEMB aPlantas medicinales xColección y conservación zAmazonas (Región, Colombia)142LEMB aPlantas alucinógenas xColección y conservación zAmazonas (Región, Colombia)1 aSuescún, Nicolás, 1937-d1937-967479 2ddccBK aBogotábEl Ancora ; Fondo de Cultura Económicac2007 atextobtxt2rdacontent asin mediaciónbn2rdamedia avolumenbnc2rdacarrier aCO-BoRNBPbspaerdacCO-BoRNBP c6209d6209